|
|
|
|
| LEADER |
00000cam a2200000 7i4500 |
| 001 |
0000019959 |
| 005 |
20091112.0 |
| 008 |
091111s nyua eng |
| 020 |
|
|
|a 9783540721345 ,
|c RM875.00(pbk.)
|
| 040 |
|
|
|a INS
|
| 090 |
0 |
0 |
|a G70.212
|b A38 2008
|
| 245 |
0 |
0 |
|a Advanced in 3D geoinformation systems
|c editors Peter Van Oosterom...[et al.]
|
| 260 |
|
|
|a New York :
|b Springer ,
|c 2008
|
| 300 |
|
|
|a xix, 441p. :
|b ill. ;
|c 24cm.
|
| 650 |
|
0 |
|a Geographic Information Systems
|
| 650 |
|
0 |
|a Three-dimensional display systems
|
| 700 |
1 |
|
|a Oosterom, Peter Van
|
| 999 |
|
|
|a 0000021231
|b BOOK
|c Open Shelf
|e Default branch
|